Derecho penal del enemigo : concepto jurídico-penal de acción en la dogmática contemporánea /
Guardado en:
| Autor Principal: | |
|---|---|
| Otros Autores: | , , |
| Formato: | Libro |
| Idioma: | Spanish |
| Publicado: |
Córdoba :
Mediterránea,
2007
|
| Materias: | |
| Etiquetas: |
Agregar Etiqueta
Sin Etiquetas, Sea el primero en etiquetar este registro!
|
| LEADER | 01059nam a22002055a 4500 | ||
|---|---|---|---|
| 001 | DER.der009114 | ||
| 008 | 180615s2007####ag#||||||||||||||#||spa|| | ||
| 005 | 20250714174427.0 | ||
| 245 | 1 | 0 | |a Derecho penal del enemigo : |b concepto jurídico-penal de acción en la dogmática contemporánea / |c Günther Jakobs, Miguel Polaino Navarrete, Miguel Polaino-Orts. |
| 260 | |a Córdoba : |b Mediterránea, |c 2007 | ||
| 300 | |a 155 p. | ||
| 505 | 0 | |a ¿Derecho penal del enemigo? Un estudio acerca de los presupuestos de la juridicidad. ¿Qué queda del concepto jurídico-penal de acción en la dogmática actual?. Derecho penal del enemigo: ¿Qué es? ¿Existe? ¿Debe existir? ¿Por qué existe?. El derecho penal del enemigo en la última reforma penal española | |
| 020 | |a 9789871020850 | ||
| 100 | 1 | |a Jakobs, Günther. | |
| 700 | 1 | |a Polaino Navarrete, Miguel | |
| 700 | 1 | |a Polaino-Orts, Miguel | |
| 700 | 1 | |a Basílico, Ricardo A. |e presentación | |
| 650 | 7 | |a DERECHO PENAL | |
| 859 | |a DERECHO |b BIB. DERECHO |h 345 |i JAK |p 006181 | ||
| 859 | |a DERECHO |b BIB. DERECHO |h 345 |i JAK |p 006182 |t 1 | ||
